000 00242nam a2200085Ia 4500
245 0 _aMore adventures according to Humphrey
100 _a Birney, Betty G. London, 2009
_981369
942 _cBK
008 210817s9999 xx 000 0 und d
999 _c289407
_d289407